000 00522nam a2200169 i 4500
001 45521
003 ES-MaACL
005 20230906161230.0
007 t|
008 030326s1970 sp ||||1| spa d
100 1 _aCohen, J. M.
_939500
245 1 0 _aEn tiempos difíciles
_b: poesía cubana de la Revolución /
_cJ. M. Cohen ; [traducción de Isabel Vericat].
260 _a[Barcelona] :
_bTusquets,
_c[1970]
300 _a80 p. ;
_c18 cm.
700 1 _aVericat, Isabel.
_9114131
852 _aES-MaACL
_jC-49186
_bR.76045
999 _c45521
_d45521